| 000 | 01603nam0a2200397 4500 | ||
|---|---|---|---|
| 001 | RU\NLR\BIBL_A\010913055 | ||
| 005 | 20260406071347.0 | ||
| 010 |
_a978-5-17-093030-2 _b7 Бц |
||
| 010 |
_a978-5-17-093031-9 _bБрошюра _95000 |
||
| 021 |
_aRU _b2015-86664 _95310 |
||
| 021 |
_aRU _b2015-86897 _95330 |
||
| 021 |
_aRU _b2015-86969 _95337 |
||
| 035 | _a(NILC)RuMoRGB-008061334 | ||
| 035 | _a(NLR Aleph) 010913055 | ||
| 090 |
_a10640420 _c10640420 |
||
| 100 | _a20151127d2015 |||y0rusy50 ca | ||
| 101 | 1 |
_arus _ceng |
|
| 102 | _aRU | ||
| 105 | _aac||z|||000zy | ||
| 200 | 1 |
_aКлюч к сверхвозможностям! _e100+1 идея для раскрытия вашего потенциала от монаха, который продал свой "феррари" _fРобин Шарма _g[пер.: Нат Аллунан] |
|
| 210 |
_aМосква _cПрайм _cАСТ _d2015 |
||
| 215 |
_a213, [1] с. _cил., портр. _d20 |
||
| 225 | 1 | _aВеликие учителя | |
| 225 | 1 | _aПуть к мудрости и счастью | |
| 300 | _aВ конце кн. авт.: Робин Шарма, д-р права и медицины | ||
| 333 | _a12+ | ||
| 606 | 1 |
_aДуховные практики _92140377 _3RU\NLR\AUTH\661290122 |
|
| 675 | _a159.9 | ||
| 686 | 1 | _aЮ969 | |
| 700 | 1 |
_7ca _8rus _aШарма _bР. С. _f1965- _gРобин С. _910974 _3RU\NLR\AUTH\7727943 |
|
| 801 | 0 |
_aRU _bРГБ _c20151105 _gRCR |
|
| 801 | 1 |
_aRU _bРГБ _c20151105 _2rusmarc |
|
| 942 | _cBOOK | ||
| 980 | _aNB | ||